1081 1709 1970 1176 1327 1304 1614 1088 1661 1429 1847 1657 1735 1649 1890 1589 1576 1916 1988 1982 1294 1745 1783 1065 1347 1602 1091 1933 1258 1135 1405 1119 1021 1526 1127 1323 1793 1329 1901 1019 1889 1440 1880 1806 1955 1286 1665 1340 1440 1694 1372 1989 1084 1741 1712 1232 1381 1580 1045 1399 1326 1359 1090 1677 1565 1098 1388 1102 1404 1457 1603 1717 1362 1244 1683 1407 1328 1000 1465 1950 1047 1968 1135 1909 1913 1656 1054 1499 1670 1824 1386 1362 1998 1133 1039 1493 1131 1523 1530 BCNSPRNW ULIB Ver.6.0+V

เปลี่ยนเป็นภาษาไทย

Change to English
 แสดงรายละเอียดบรรณานุกรม
  กลับหน้าหลัก

Brief Record : Get Marc (ISO 2709) : E-mail record : QR code < ปิดหน้าต่าง
LEADER : 00000nam 2200000uu 4500
001    13399125931
003     ULIB
008    171120s2559||||th 000 0 tha d
020    ^a9786163216168
050    ^aLB2014ช116ก
100    ^aชัยวัฒน์ สุทธิรัตน์
245    ^aการพัฒนาหลักสูตร : ทฤษฎีสู่การปฏิบัติ / ชัยวัฒน์ สุทธิรัตน์
250    ^aพิมพ์ครั้งที่ 5
260    ^aกรุงเทพฯ :^bวีพรินท์,^c2559
300    ^a402 หน้า;^b21 ซม.
650    ^aหลักสูตร.
650    ^aการศึกษา--หลักสูตร
650    ^aการประเมินหลักสูตร
650    ^aการพัฒนาหลักสูตร
945    ^p280^l0^i25684
999    ^aกัณชพร จุลอักษร
รายการนี้ยังไม่มีแท็ก
คุณยังไม่ได้ล็อกอิน คุณสามารถมีกิจกรรมร่วมกับเว็บไซต์ได้ แต่ต้องล็อกอินก่อน ::
  ล็อกอิน

รายการสื่อสารสนเทศ

ลำดับที่ ประเภท เลขเรียก/บาร์โค้ด สถานที่ สถานะ
1. วิทยาศาสตร์การแพทย์ และสุขภาพ
วิทยาศาสตร์การแพทย์ และสุขภาพ
LB2014ช116ก ฉ.1 
  Barcode: 25684
ห้องสมุดวิทยาเขตนครสวรรค์
►หนังสือทั่วไป:l:General Books
บนชั้น

รายการใกล้เคียง
    ชื่อเรื่อง [การพัฒนาหลักสูตร : ทฤษฎีสู่การปฏิบัติ / ชัยวัฒน์ สุทธิรัตน์]

    ผู้แต่ง [ชัยวัฒน์ สุทธิรัตน์]

    หัวเรื่อง [หลักสูตร.]
    หัวเรื่อง [การศึกษา--หลักสูตร]
    หัวเรื่อง [การประเมินหลักสูตร]
    หัวเรื่อง [การพัฒนาหลักสูตร]

BibComment


ยังไม่เคยถูกคอมเมนท์

คอมเมนท์ทรัพยากรรายการนี้
  คอมเมนท์: การพัฒนาหลักสูตร..


 Copyright 2026. Bcnsprnw @Library